[Event "Gran Canaria-ch Seniors 50"]
[Site "Gran Canaria"]
[Date "2020.02.04"]
[Round "1"]
[White "Parsons, Alan"]
[Black "Rueda Alameda, Francisco Javier"]
[Result "1-0"]
[WhiteElo "1781"]
[BlackElo "1385"]
[PlyCount "39"]
[EventDate "2020.02.04"]
[EventType "swiss"]
[EventRounds "7"]
[EventCountry "ESP"]
[SourceTitle "CBM 195 Extra"]
[Source "ChessBase"]
[SourceDate "2020.05.31"]
[SourceVersion "1"]
[SourceVersionDate "2020.05.31"]
[SourceQuality "1"]

1. d4 d5 2. Bf4 Nf6 3. e3 e6 4. Nf3 c6 5. Bd3 Nbd7 6. Nbd2 Be7 7. c3 0-0 8. Ne5 c5 9. g4 Ne8 10. h4 f6 11. Nef3 e5 12. dxe5 fxe5 13. Nxe5 Nxe5 14. Bxe5 Nf6 15. Rg1 Bd6 16. Bxd6 Qxd6 17. Rg2 Re8 18. g5 Ne4 19. Nxe4 dxe4 20. Bc4+ 1-0

[Event "Gran Canaria Santana Memorial 7th"]
[Site "Gran Canaria"]
[Date "2019.11.05"]
[Round "1"]
[White "Rueda Alameda, Francisco Javier"]
[Black "Parsons, Alan"]
[Result "0-1"]
[WhiteElo "1387"]
[BlackElo "1746"]
[PlyCount "74"]
[EventDate "2019.11.05"]
[EventType "swiss"]
[EventRounds "7"]
[EventCountry "ESP"]
[SourceTitle "CBM 193 Extra"]
[Source "ChessBase"]
[SourceDate "2020.01.31"]
[SourceVersion "1"]
[SourceVersionDate "2020.01.31"]
[SourceQuality "1"]

1. e4 d5 2. exd5 Nf6 3. Nc3 Nxd5 4. Nxd5 Qxd5 5. Nf3 e5 6. b3 Bg4 7. Qe2 Nc6 8. Bb2 0-0-0 9. 0-0-0 e4 10. c4 exf3 11. cxd5 fxe2 12. Bxe2 Bxe2 13. Rde1 Nb4 14. Rxe2 Nd3+ 15. Kc2 Nxb2 16. Kxb2 Bc5 17. Kc2 Rxd5 18. f3 Rhd8 19. Rd1 Bd6 20. h3 Bf4 21. d3 Re5 22. Rxe5 Bxe5 23. g4 Bd4 24. Re1 Kd7 25. b4 Re8 26. Rxe8 Kxe8 27. Kb3 b5 28. a4 a6 29. h4 Kd7 30. f4 Kd6 31. axb5 axb5 32. Kc2 Be3 33. f5 Ke5 34. Kd1 Kf4 35. Ke2 Bd4 36. g5 Kxf5 37. Kf3 Bc3 0-1